Shaly sand analysis : no. (55) (Record no. 34703)

MARC details
000 -LEADER
fixed length control field 00511nam a2200181Ia 4500
020 ## - INTERNATIONAL STANDARD BOOK NUMBER
ISBN 1555630987
050 ## - CALL MARK
Classification number TN 871.35 .S53/
100 ## - STATEMENT OF RESPONSIBILITY--MAIN AUTHOR NAME
Personal name Bassiouni, Zaki
245 #0 - TITLE STATEMENT
Title Shaly sand analysis : no. (55)
260 ## - PUBLICATION, DISTRIBUTION, ETC. (IMPRINT)
Place of publication Texas
260 ## - PUBLICATION, DISTRIBUTION, ETC. (IMPRINT)
Name of publisher Society of petroleum engineers
260 ## - PUBLICATION, DISTRIBUTION, ETC. (IMPRINT)
Year of publication 2003
300 ## - PHYSICAL DESCRIPTION
Number of Pages 237 p
650 ## - SUBJECT ADDED ENTRY--TOPICAL TERM
Topical Term Oil well logging. Oil-shales--Analysis. Oil sands--Analysis. Drill core analysis.
942 ## - ADDED ENTRY ELEMENTS (KOHA)
Koha item type Books
Holdings
Withdrawn status Lost status Source of classification or shelving scheme Damaged status Not for loan Permanent Location Current Location Date acquired Accession Number Price effective from Koha item type
    Library of Congress Classification     NILE UNIVERSITY OF NIGERIA - MAIN LIBRARY NILE UNIVERSITY OF NIGERIA - MAIN LIBRARY 04/23/2025 0185766 04/23/2025 Books